[Event "GER-chT U12"]
[Site "Magdeburg"]
[Date "2015.12.30"]
[Round "7.2"]
[White "Unger, Matti"]
[Black "Wang, Xinyuan"]
[Result "0-1"]
[WhiteElo "847"]
[BlackElo "1255"]
[PlyCount "128"]
[EventDate "2015.12.27"]
[EventType "team-swiss"]
[EventRounds "7"]
[EventCountry "GER"]
[SourceTitle "EXT 2017"]
[Source "ChessBase"]
[SourceDate "2016.10.25"]
[SourceVersion "1"]
[SourceVersionDate "2016.10.25"]
[SourceQuality "1"]
[WhiteTeam "Magdeburg Schachzwerge"]
[BlackTeam "Hohentuebingen"]
[WhiteTeamCountry "GER"]
[BlackTeamCountry "GER"]

1. e4 c5 2. Nf3 a6 3. Nc3 e6 4. Bc4 Qc7 5. d3 Nf6 6. Bg5 Be7 7. Qd2 h6 8. Bxf6 Bxf6 9. 0-0-0 d6 10. Rhe1 Nc6 11. h3 Bd7 12. g4 Ke7 13. h4 Nd4 14. Nxd4 Bxd4 15. f3 b5 16. Bb3 a5 17. a4 Bxc3 18. Qxc3 bxa4 19. Ba2 e5 20. Qc4 Be6 21. Qxa4 Rhb8 22. Qa3 Rb5 23. Bxe6 fxe6 24. g5 hxg5 25. hxg5 Rab8 26. b3 Qa7 27. Rh1 a4 28. Kd2 Qa5+ 29. Ke2 axb3 30. Qxa5 Rxa5 31. cxb3 Rxb3 32. Ra1 Rab5 33. Ra7+ Rb7 34. Rxb7+ Rxb7 35. Rg1 d5 36. exd5 exd5 37. Ke3 Rb4 38. Rc1 Kd6 39. Rc2 Rb3 40. Ke2 d4 41. Rc4 Rb2+ 42. Kd1 Rf2 43. Rc2 Rxf3 44. Kd2 Rf2+ 45. Kd1 Rxc2 46. Kxc2 Kd5 47. Kd2 e4 48. dxe4+ Kxe4 49. Kc2 c4 50. Kd2 c3+ 51. Kc2 Ke3 52. Kd1 d3 53. Kc1 c2 54. g6 Ke2 55. Kb2 Kd2 56. Kb3 c1Q 57. Kb4 Ke3 58. Kb3 Qc2+ 59. Kb4 Kd4 60. Kb5 Qc5+ 61. Ka6 Qb4 62. Ka7 Kc5 63. Ka8 Kc6 64. Ka7 Qb7# 0-1

[Event "GER-chT U10"]
[Site "Magdeburg"]
[Date "2014.12.27"]
[Round "1.2"]
[White "Eschner, Fabian"]
[Black "Unger, Matti"]
[Result "1-0"]
[WhiteElo "1216"]
[BlackElo "892"]
[PlyCount "81"]
[EventDate "2014.12.27"]
[EventType "team-swiss"]
[EventRounds "7"]
[EventCountry "GER"]
[SourceTitle "EXT 2016"]
[Source "ChessBase"]
[SourceDate "2015.10.08"]
[SourceVersion "1"]
[SourceVersionDate "2015.10.08"]
[SourceQuality "1"]
[WhiteTeam "Magdeburg Schachzwerge"]
[BlackTeam "Magdeburg Schachzwerge II"]
[WhiteTeamCountry "GE2"]
[BlackTeamCountry "GER"]

1. e4 e5 2. Nf3 Nc6 3. Bc4 Bc5 4. c3 Nf6 5. d4 exd4 6. cxd4 Bb4+ 7. Bd2 Bxd2+ 8. Nbxd2 0-0 9. 0-0 d6 10. e5 Ng4 11. h3 Ngxe5 12. dxe5 dxe5 13. Nb3 e4 14. Qxd8 Nxd8 15. Nfd2 Be6 16. Bxe6 Nxe6 17. Nxe4 Rad8 18. Nec5 Nxc5 19. Nxc5 b6 20. Nb3 h6 21. Rfd1 Rxd1+ 22. Rxd1 c5 23. Rd7 Ra8 24. Rb7 Rd8 25. Nd2 c4 26. Nxc4 Rd1+ 27. Kh2 Rd4 28. b3 b5 29. Rxb5 a6 30. Rb6 a5 31. Nxa5 f5 32. Nc4 Kf7 33. a4 Rd8 34. Rd6 Rb8 35. Rb6 Rd8 36. a5 Ra8 37. a6 h5 38. b4 g6 39. Rb7+ Kf6 40. a7 g5 41. Ne3 1-0